| 000 | 005730000a22002170004500 | ||
|---|---|---|---|
| 003 | LK-CoMWRAF | ||
| 005 | 20230902114204.0 | ||
| 008 | 230817t1971 ||||| |||| 00| 0 eng d | ||
| 020 | _a0283978074 | ||
| 040 |
_aLK-CoMWRAF _dLK-CoMWRAF _eLK-CoMWRAF |
||
| 041 | _aeng | ||
| 082 |
_a301.412 _bWOM |
||
| 245 | _aWoman on Woman | ||
| 260 |
_aLondon: _bSidgwick and Jackson, _c1971 |
||
| 300 | _avi, 228 p. 23 cm. | ||
| 650 | _aFEMINISM | ||
| 650 | _aWomen -- Great Britain | ||
| 650 | _aDivorced women -- Great Britain | ||
| 700 |
_aLaing,, Margaret _eed. |
||
| 942 | _cBK | ||
| 999 |
_c1526 _d1526 |
||